00889nam a22003137a 450000500170000000800410001702000150005804100080007304100080008108200160008910000270010510000260013224501390015826000150029726000100031226000090032230000180033150500420034965000110039165000170040265000140041965000160043365000180044965000190046794200120048699900150049895200310051395200310054420240726185121.0160427b2004 cr ||||| |||| 00| 0 spa d a9968702943 aESP aING a595.7 R853a aRoubik, David W.98862 aHanson, Paul E.98863 aAbejas de orquídeas de la América tropical: biología y guía de campo = Orchid bees of tropical America: biology and fiel guide aCosta Rica bINBio c2004 a352 páginas aIncluye ilustraciones y fotografías aABEJAS aORQUÍDEAS  aINSECTOS  aAPICULTURA  aBIODIVERSIDAD aCONSERVACIÓN cBK2ddc c8031d8031 o595.7 R853ap20951xTUyBK o595.7 R853ap21553xTUyBK